Statistics for Captain America Civil War Line-up

Click here to take the quiz!

General Stats

  • This quiz has been taken 630 times
    (618 since last reset)
  • The average score is 12 of 13

Answer Stats

HintAnswer% Correct
ArcherHawkeye
99%
Mainly red suitIron Man
99%
Tiny manAntman
98%
SpiderBlack Widow
98%
Black meow!Black Panther
97%
Friendly neighbourhoodSpiderman
97%
Red andriodVision
96%
Flight suitFalcon
93%
Quicksilver's sisterScarlet Witch
92%
Frozen in timeCaptain america
89%
Black suitWar Machine
86%
Russian weaponWinter Soldier
82%
Female agentSharon Carter
65%

Score Distribution

Percentile by Number Answered

Percent of People with Each Score

Your Score History

You have not taken this quiz since the last reset